000 00909nam0a22002771 4500
001 v19\rc\1642034
005 20260406130156.0
035 _a(NLR Aleph) 004755104
090 _a4555780
_c4555780
100 _a20061002d1885 |||y0rusy50 ca
101 0 _arus
102 _aRU
105 _ay z |||||
200 1 _aПервая русская книга для чтения
_f[Соч.] Гр. Л.Н. Толстого
205 _a12-е изд.
210 _aМосква
_cтипо-лит. И.Н. Кушнерева и К°
_d1885
215 _a44 с.
_d22
700 1 _7ca
_8rus
_aТолстой
_bЛ. Н.
_f1828-1910
_gЛев Николаевич
_9111537
_3RU\NLR\AUTH\771515
801 0 _aRU
_bNLR
_gpsbo
801 0 _aRU
_bRuMoRGB
_2psbo
801 1 _aRU
_bProSoft-M
_2rusmarc
801 2 _aRU
_bNLR
_c20130704
_2rusmarc
852 _aNLR
_j18.215.3.272(2)
899 _aRuMoRGB
_jA 160/101
942 _cBOOK
980 _aNB